| 000 | 00572cam a22001814a 4500 | ||
|---|---|---|---|
| 020 | _a0415212359 | ||
| 020 | _a0415212367 (pbk.) | ||
| 040 | _cDLC | ||
| 082 | 0 | 0 | _a179 ROU 2000 A002 Or. |
| 100 | 1 | _aBenson, John, | |
| 245 | 1 | 0 |
_aEnvironmental ethics : _ban introduction with readings / |
| 260 |
_aLondon ; _aNew York : _bRoutledge, _c2000. |
||
| 300 |
_aviii, 295 p. ; _c25 cm. |
||
| 650 | 0 | _aEnvironmental ethics. | |
| 856 | 4 | 1 | _uhttp://www.loc.gov/catdir/toc/fy042/00056130.html |
| 856 | 4 | 2 | _uhttp://www.loc.gov/catdir/enhancements/fy0650/00056130-d.html |
| 942 | _cEK | ||
| 999 |
_c15787 _d15787 |
||